01922nam a2200361 a 4500001001000000005001700010008004100027041000800068044000800076084002000084100005000104245011000154260004900264300002200313500015500335500025700490500012300747500011400870500001000984546002400994650005701018650006101075650003901136650005001175700005501225700004001280700004201320740005001362902000801412942001101420999001501431952011401446BRCA_322120190320204154.0040309s1771----enka---###---#000-0#eng-# aeng aenk a522b.F69c17711 aCervantes Saavedra, Miguel ded1547-1616921310aThe History of the Renowned Don Quixote de la ManchacWritten in Spanish by Miguel de Cervantes Saavedra. aGlasgow (Inglaterra)bR. and A. Foulisc1771 a4 v.bil.c17 cm. aContenido : v.1. Primera parte. Noticia sobre Cervantes. Prólogo del autor. -- v.2. Texto. -- v.3. Segunda parte. Prólogo del autor. -- v.4. Texto aEdición : Translated by Several Hands and Published by Late Mr. Motteux. Revised a new from the Best Spanish Edition by Mr. Ozell who has Likewise added Explanatory Notes from Jervas, Oudin, Pineda, Gregorio and the Royal Academy Dictionary of Madrid aEjemplar igual al anterior [521], pero ilustrado con algunas láminas de Hayman. Piel; ejemplar roto Lúdovik Osterc aEstado físico : Los vol. 1,2 y 3 presentan encuadernación desprendida. Vol. 1 primeras hojas desprendidas aQM418 aTexto en : inglés14aNovela españolayÉpoca clásica, 1500-1700921514aLiteratura españolayÉpoca clásica, 1500-1700921614aNovela españolaySiglo XVII921714aDon Quijote (Personaje ficticio)eNovela92181 aMotteux, Peter Anthonyd1663-1718eTraductor986061 aOzell, Johnd?-1743eAnotador986071 aOudin, Cesard?-1625eTraductor982880 aEl Ingenioso Hidalgo Don Quijote de la Mancha aQFM 2lcccB c2957d2957 00104070aBRCAbBRCAd2009-03-04iQM418l0o522 .F69 1771 (QM418)p3218r2019-03-22 00:00:00w2019-03-22yB